[Event "Titled Tuesday intern op 24th Sep Early"]
[Site "Chess.com INT"]
[Date "2024.09.24"]
[Round "1"]
[White "Fiorito, Francisco"]
[Black "Mazurkiewicz, Michal"]
[Result "1-0"]
[WhiteElo "2416"]
[BlackElo "2224"]
[PlyCount "77"]
[EventDate "2024.09.24"]
[EventType "swiss (blitz)"]
[EventRounds "11"]
[EventCountry "USA"]
[SourceTitle "EXT 2025"]
[Source "ChessBase"]
[SourceDate "2024.10.14"]
[SourceVersion "1"]
[SourceVersionDate "2024.10.14"]
[SourceQuality "1"]

1. Nf3 Nf6 2. g3 g6 3. b3 Bg7 4. Bb2 0-0 5. Bg2 d6 6. c4 e5 7. d3 Re8 8. 0-0 Nbd7 9. Nc3 c6 10. Rc1 Nc5 11. b4 Ne6 12. b5 Nc5 13. Nd2 Bd7 14. a4 Qc7 15. Nb3 Nxb3 16. Qxb3 c5 17. e3 Rad8 18. Rcd1 b6 19. Rd2 Bc8 20. Rfd1 Bb7 21. Bxb7 Qxb7 22. d4 exd4 23. exd4 Ng4 24. Nd5 Nf6 25. dxc5 Ne4 26. Bxg7 Nxd2 27. Rxd2 Re1+ 28. Kg2 Kxg7 29. Qc3+ Kg8 30. c6 Qc8 31. Nf6+ Kf8 32. Nxh7+ Kg8 33. Nf6+ Kf8 34. Nd7+ Kg8 35. Rxd6 Re7 36. Qd4 Rde8 37. Nf6+ Kf8 38. Nxe8 Rxe8 39. Rd7 1-0

[Event "Titled Tuesday intern op 24th Sep Early"]
[Site "Chess.com INT"]
[Date "2024.09.24"]
[Round "7"]
[White "Margl, Roland"]
[Black "Mazurkiewicz, Michal"]
[Result "1-0"]
[WhiteElo "2263"]
[BlackElo "2224"]
[PlyCount "93"]
[EventDate "2024.09.24"]
[EventType "swiss (blitz)"]
[EventRounds "11"]
[EventCountry "USA"]
[SourceTitle "EXT 2025"]
[Source "ChessBase"]
[SourceDate "2024.10.14"]
[SourceVersion "1"]
[SourceVersionDate "2024.10.14"]
[SourceQuality "1"]

1. e4 d6 2. d4 Nf6 3. Bd3 e5 4. c3 Be7 5. Nf3 Nbd7 6. 0-0 0-0 7. Re1 c6 8. a4 a5 9. Nbd2 Re8 10. Qc2 Qc7 11. b3 b6 12. Ba3 Bb7 13. Rad1 Rad8 14. h3 h6 15. Nf1 d5 16. Bxe7 Rxe7 17. exd5 Nxd5 18. Bh7+ Kh8 19. Bf5 exd4 20. Nxd4 Rxe1 21. Rxe1 N7f6 22. Ng3 c5 23. Nf3 Nf4 24. Ne4 Nxe4 25. Bxe4 Re8 26. Re3 Re6 27. Bxb7 Qxb7 28. Rxe6 Nxe6 29. Qf5 Kg8 30. Ne5 Qe7 31. Nc4 Qd8 32. Kh2 Qc7+ 33. g3 Qc6 34. Qxf7+ Kxf7 35. Ne5+ Ke7 36. Nxc6+ Kd6 37. Na7 Ng5 38. Kg2 Ne4 39. Nb5+ Kd5 40. f4 Nd2 41. Nc7+ Kc6 42. Ne6 Nxb3 43. Nxg7 Nd2 44. f5 b5 45. axb5+ Kxb5 46. f6 Ne4 47. f7 1-0

[Event "Titled Tuesday intern op 24th Sep Late"]
[Site "Chess.com INT"]
[Date "2024.09.24"]
[Round "8"]
[White "Mazurkiewicz, Michal"]
[Black "Pinheiro, Iung Alicio"]
[Result "0-1"]
[WhiteElo "2224"]
[BlackElo "2270"]
[PlyCount "96"]
[EventDate "2024.09.24"]
[EventType "swiss (blitz)"]
[EventRounds "11"]
[EventCountry "USA"]
[SourceTitle "EXT 2025"]
[Source "ChessBase"]
[SourceDate "2024.10.14"]
[SourceVersion "1"]
[SourceVersionDate "2024.10.14"]
[SourceQuality "1"]

1. e4 d6 2. d4 Nf6 3. Nc3 g6 4. f4 Bg7 5. Nf3 0-0 6. e5 dxe5 7. dxe5 Qxd1+ 8. Nxd1 Nd5 9. c4 Nb4 10. Ne3 a5 11. a3 N4a6 12. Nd5 Re8 13. Be3 f6 14. 0-0-0 Nc6 15. exf6 exf6 16. Nd4 Bg4 17. Be2 f5 18. Bxg4 fxg4 19. Nb5 Rac8 20. Rhe1 Ne7 21. Bd4 Nxd5 22. cxd5 Rxe1 23. Rxe1 c6 24. Nd6 Rd8 25. Nxb7 Rxd5 26. Bxg7 Kxg7 27. Nxa5 Rxa5 28. Re7+ Kg8 29. Re6 Rc5+ 30. Kd2 Nc7 31. Rd6 Rd5+ 32. Rxd5 Nxd5 33. g3 Kf7 34. Kd3 Ke6 35. Kd4 Kd6 36. b4 Nb6 37. Ke4 Ke6 38. Kd4 Na4 39. Kc4 Kd6 40. b5 c5 41. Kb3 Nb6 42. a4 Nd5 43. a5 Ne3 44. b6 Kc6 45. Kc3 Nf1 46. Kd3 Nxh2 47. Ke4 Nf1 48. f5 Nxg3+ 0-1

[Event "Titled Tuesday intern op 24th Sep Early"]
[Site "Chess.com INT"]
[Date "2024.09.24"]
[Round "6"]
[White "Mazurkiewicz, Michal"]
[Black "Vovk, Orest"]
[Result "0-1"]
[WhiteElo "2224"]
[BlackElo "2315"]
[PlyCount "76"]
[EventDate "2024.09.24"]
[EventType "swiss (blitz)"]
[EventRounds "11"]
[EventCountry "USA"]
[SourceTitle "EXT 2025"]
[Source "ChessBase"]
[SourceDate "2024.10.14"]
[SourceVersion "1"]
[SourceVersionDate "2024.10.14"]
[SourceQuality "1"]

1. e4 g5 2. d4 g4 3. Nc3 Bg7 4. Be3 d6 5. Qd2 c6 6. 0-0-0 Qa5 7. f4 b5 8. Kb1 Be6 9. d5 Bxc3 10. Qxc3 Qxc3 11. bxc3 cxd5 12. Bxb5+ Bd7 13. Bxd7+ Nxd7 14. exd5 Ngf6 15. Ne2 Ne4 16. Bd4 0-0 17. Ng3 Ndf6 18. Rhe1 Nxg3 19. Bxf6 exf6 20. hxg3 Rfc8 21. Rd3 Rab8+ 22. Kc1 Rc5 23. Re7 Ra5 24. f5 Rxa2 25. Rd4 h5 26. Rb4 Rc8 27. Kd2 Ra3 28. Rb3 Ra5 29. c4 Rxc4 30. Rb8+ Kg7 31. Rbb7 Rxd5+ 32. Kc1 Kh6 33. Rxf7 Kg5 34. Rh7 Rdc5 35. Rbg7+ Kxf5 36. Rxh5+ Ke6 37. Rxc5 Rxc5 38. Rxa7 Rc3 0-1

[Event "Titled Tuesday intern op 24th Sep Late"]
[Site "Chess.com INT"]
[Date "2024.09.24"]
[Round "3"]
[White "Schulz, Michael"]
[Black "Mazurkiewicz, Michal"]
[Result "0-1"]
[WhiteElo "2137"]
[BlackElo "2224"]
[PlyCount "70"]
[EventDate "2024.09.24"]
[EventType "swiss (blitz)"]
[EventRounds "11"]
[EventCountry "USA"]
[SourceTitle "EXT 2025"]
[Source "ChessBase"]
[SourceDate "2024.10.14"]
[SourceVersion "1"]
[SourceVersionDate "2024.10.14"]
[SourceQuality "1"]

1. d4 Nf6 2. Bg5 e6 3. Nd2 h6 4. Bh4 d5 5. e3 Be7 6. Bd3 b6 7. Ngf3 Ba6 8. Ne5 Bxd3 9. cxd3 0-0 10. 0-0 c5 11. f4 cxd4 12. exd4 Ne8 13. Bxe7 Qxe7 14. Rc1 f6 15. Ng6 Qb4 16. Nxf8 Qxd4+ 17. Kh1 Kxf8 18. Rc8 Qxd3 19. Qh5 Qb5 20. Rfc1 Ke7 21. Nf3 Nd6 22. R1c7+ Nd7 23. Rxa8 Qf1+ 24. Ng1 Ne4 25. Rxd7+ Kxd7 26. Qe8+ Kd6 27. Qf8+ Kc6 28. Rc8+ Kb5 29. a4+ Ka5 30. h3 Ng3+ 31. Kh2 Qxf4 32. b4+ Kxa4 33. Qe8+ Kb3 34. Qc6 Nf1+ 35. Kh1 Qh2# 0-1

[Event "POL-chT 2nd League"]
[Site "Jastrzebia Gora"]
[Date "2024.09.05"]
[Round "6.8"]
[White "Mazurkiewicz, Michal"]
[Black "Backiel, Hubert"]
[Result "1-0"]
[WhiteElo "2224"]
[BlackElo "2216"]
[PlyCount "64"]
[EventDate "2024.08.31"]
[EventType "team-swiss"]
[EventRounds "9"]
[EventCountry "POL"]
[SourceTitle "EXT 2025"]
[Source "ChessBase"]
[SourceDate "2024.10.14"]
[SourceVersion "1"]
[SourceVersionDate "2024.10.14"]
[SourceQuality "1"]
[WhiteTeam "Zakrzewo Korona"]
[BlackTeam "Bialystok Stoczek 45"]
[WhiteTeamCountry "POL"]
[BlackTeamCountry "POL"]

1. e4 c5 2. Nf3 Nc6 3. g3 Nf6 4. d3 d5 5. exd5 Nxd5 6. Bg2 g6 7. 0-0 Bg7 8. Re1 0-0 9. c3 b6 10. Nbd2 Bb7 11. Nc4 Qc7 12. h4 Rad8 13. Qb3 a6 14. a4 h6 15. Be3 e5 16. Nfd2 Nce7 17. Nxb6 Nxe3 18. Rxe3 Nf5 19. Re2 Bxg2 20. Kxg2 Rxd3 21. Ne4 Rfd8 22. Rae1 Qc6 23. a5 Nd4 24. Qc4 Nxe2 25. Rxe2 Rd2 26. Re3 Rxb2 27. Rf3 Rf8 28. Nd5 Qb5 29. Ne7+ Kh7 30. Rxf7 Rxf2+ 31. Kxf2 Qb2+ 32. Kf3 h5 1-0

[Event "Titled Tuesday intern op 03rd Sep Late"]
[Site "Chess.com INT"]
[Date "2024.09.03"]
[Round "5"]
[White "Mazurkiewicz, Michal"]
[Black "Yang, Kaiqi"]
[Result "0-1"]
[WhiteElo "2224"]
[BlackElo "2481"]
[PlyCount "54"]
[EventDate "2024.09.03"]
[EventType "swiss (blitz)"]
[EventRounds "11"]
[EventCountry "USA"]
[SourceTitle "EXT 2025"]
[Source "ChessBase"]
[SourceDate "2024.10.14"]
[SourceVersion "1"]
[SourceVersionDate "2024.10.14"]
[SourceQuality "1"]

1. e4 c6 2. d3 d5 3. Nd2 g6 4. Ngf3 Bg7 5. g3 Bg4 6. h3 Bxf3 7. Qxf3 Nd7 8. Bg2 e6 9. 0-0 Ne7 10. Qe2 0-0 11. Nf3 a5 12. e5 a4 13. a3 c5 14. c3 Nc6 15. d4 Qb6 16. Bf4 cxd4 17. cxd4 Nxd4 18. Nxd4 Qxd4 19. Qb5 Nxe5 20. Be3 Qd3 21. Qxb7 Rfb8 22. Qc7 Nc4 23. Bf4 Rc8 24. Qd7 Bxb2 25. Rad1 Qxa3 26. h4 Qc5 27. h5 Ra7 0-1

[Event "Titled Tuesday intern op 03rd Sep Late"]
[Site "Chess.com INT"]
[Date "2024.09.03"]
[Round "6"]
[White "Subervi Nunez, Jonathan Sigfredo"]
[Black "Mazurkiewicz, Michal"]
[Result "1-0"]
[WhiteElo "2044"]
[BlackElo "2224"]
[PlyCount "119"]
[EventDate "2024.09.03"]
[EventType "swiss (blitz)"]
[EventRounds "11"]
[EventCountry "USA"]
[SourceTitle "EXT 2025"]
[Source "ChessBase"]
[SourceDate "2024.10.14"]
[SourceVersion "1"]
[SourceVersionDate "2024.10.14"]
[SourceQuality "1"]

1. e4 d6 2. d4 Nf6 3. Nc3 c6 4. Nf3 Bg4 5. Be2 e6 6. 0-0 d5 7. e5 Nfd7 8. Ng5 Bxe2 9. Nxe2 Be7 10. Nh3 c5 11. c3 Nc6 12. Be3 cxd4 13. cxd4 Nb6 14. b3 0-0 15. Ng3 Rc8 16. Nh5 Kh8 17. f4 g6 18. Ng3 Nb4 19. Rf2 a5 20. Nf1 a4 21. g4 axb3 22. axb3 Ra8 23. Rxa8 Qxa8 24. f5 Bh4 25. Rg2 gxf5 26. gxf5 Rg8 27. f6 Rxg2+ 28. Kxg2 Qg8+ 29. Ng3 Bxg3 30. hxg3 Qg6 31. Qd2 Nc2 32. Bh6 Qe4+ 33. Kh2 Nxd4 34. Bg7+ Kg8 35. Ng5 Qe2+ 36. Qxe2 Nxe2 37. Nf3 Nd4 38. Nxd4 Nd7 39. Nf3 Nc5 40. Kg2 Nxb3 41. Kf2 Nc5 42. Ke3 Ne4 43. g4 b5 44. Nd4 b4 45. Nb3 h6 46. Bxh6 Kh7 47. Bg7 Kg6 48. Kf4 Nc3 49. Bf8 Ne2+ 50. Kf3 Nc3 51. Bxb4 Nb5 52. Bd6 Na7 53. Kf4 Nc6 54. Nc5 Nd4 55. Nd7 Ne2+ 56. Kf3 Nd4+ 57. Kg3 Nc6 58. Kh4 d4 59. Nf8+ Kh6 60. g5# 1-0

[Event "Titled Tuesday intern op 03rd Sep Late"]
[Site "Chess.com INT"]
[Date "2024.09.03"]
[Round "9"]
[White "Vila Dupla, Aurelio"]
[Black "Mazurkiewicz, Michal"]
[Result "0-1"]
[WhiteElo "2042"]
[BlackElo "2224"]
[PlyCount "42"]
[EventDate "2024.09.03"]
[EventType "swiss (blitz)"]
[EventRounds "11"]
[EventCountry "USA"]
[SourceTitle "EXT 2025"]
[Source "ChessBase"]
[SourceDate "2024.10.14"]
[SourceVersion "1"]
[SourceVersionDate "2024.10.14"]
[SourceQuality "1"]

1. c4 Nf6 2. Nf3 g6 3. g3 Bg7 4. Bg2 0-0 5. 0-0 d6 6. d4 c5 7. Nc3 cxd4 8. Nxd4 Qa5 9. e4 Nc6 10. Nde2 Ne5 11. b3 Bg4 12. f3 Bd7 13. h3 a6 14. a4 b5 15. Bb2 bxc4 16. Nd5 Nxd5 17. exd5 Qb6+ 18. Kh2 Qxb3 19. Qxb3 cxb3 20. Nd4 Rfc8 21. Rf2 Nd3 0-1

[Event "POL-chT 2nd League"]
[Site "Jastrzebia Gora"]
[Date "2024.09.01"]
[Round "2.2"]
[White "Mazurkiewicz, Michal"]
[Black "Kazmierowski, Tymon"]
[Result "1/2-1/2"]
[WhiteElo "2224"]
[BlackElo "2114"]
[PlyCount "87"]
[EventDate "2024.08.31"]
[EventType "team-swiss"]
[EventRounds "9"]
[EventCountry "POL"]
[SourceTitle "EXT 2025"]
[Source "ChessBase"]
[SourceDate "2024.10.14"]
[SourceVersion "1"]
[SourceVersionDate "2024.10.14"]
[SourceQuality "1"]
[WhiteTeam "Zakrzewo Korona"]
[BlackTeam "Chylice Laura"]
[WhiteTeamCountry "POL"]
[BlackTeamCountry "POL"]

1. e4 e5 2. Nf3 Nc6 3. d3 d5 4. exd5 Qxd5 5. Nc3 Bb4 6. Be2 Bf5 7. 0-0 Qd7 8. Be3 0-0-0 9. a3 Bxc3 10. bxc3 Nge7 11. Qb1 Nd5 12. Qb2 Nxe3 13. fxe3 e4 14. Rab1 b6 15. Nd4 Nxd4 16. exd4 Rhe8 17. a4 exd3 18. cxd3 Re3 19. a5 Rde8 20. Rf2 Qe6 21. axb6 cxb6 22. Qb5 Rxe2 23. Rxe2 Qxe2 24. Qxf5+ Qe6 25. Qxe6+ Rxe6 26. Kf2 Rf6+ 27. Ke3 Re6+ 28. Kf3 Rf6+ 29. Ke4 Rf2 30. Rg1 Kc7 31. Kd5 a5 32. h4 Rd2 33. Kc4 Rb2 34. Kd5 Rd2 35. Rf1 f6 36. g4 Rxd3 37. c4 a4 38. g5 a3 39. gxf6 gxf6 40. Rxf6 a2 41. Rf7+ Kb8 42. Rf1 Kc7 43. h5 Rh3 44. Rf7+ 1/2-1/2

[Event "Titled Tuesday intern op 27th Aug Late"]
[Site "Chess.com INT"]
[Date "2024.08.27"]
[Round "9"]
[White "Mazurkiewicz, Michal"]
[Black "Barria Zuniga, Daniel"]
[Result "0-1"]
[WhiteElo "2224"]
[BlackElo "2341"]
[PlyCount "72"]
[EventDate "2024.08.27"]
[EventType "swiss (blitz)"]
[EventRounds "11"]
[EventCountry "USA"]
[SourceTitle "EXT 2025"]
[Source "ChessBase"]
[SourceDate "2024.10.14"]
[SourceVersion "1"]
[SourceVersionDate "2024.10.14"]
[SourceQuality "1"]

1. e4 c5 2. Nf3 Nc6 3. g3 e5 4. Bg2 Nf6 5. d3 d5 6. 0-0 Be7 7. exd5 Nxd5 8. Re1 Qc7 9. Nxe5 Nxe5 10. Bxd5 Bg4 11. f3 Rd8 12. Bxf7+ Nxf7 13. fxg4 0-0 14. Nc3 Bf6 15. Ne4 Bd4+ 16. Kh1 Qc6 17. c3 Bf6 18. Qf3 Kh8 19. Qg2 Ne5 20. Nxf6 Qxf6 21. Be3 Nxd3 22. Rf1 Qe6 23. Bg5 Rde8 24. Qxb7 Qxg4 25. Be7 Rxf1+ 26. Rxf1 Qe2 27. Qf3 Qxe7 28. Qxd3 h6 29. Kg2 Qb7+ 30. Kh3 Qxb2 31. Qd7 Rg8 32. Qxa7 Qxc3 33. a4 Qd3 34. Qf7 c4 35. a5 c3 36. a6 Qxa6 0-1

[Event "Titled Tuesday intern op 27th Aug Late"]
[Site "Chess.com INT"]
[Date "2024.08.27"]
[Round "5"]
[White "Mazurkiewicz, Michal"]
[Black "Tologontegin, Semetey"]
[Result "0-1"]
[WhiteElo "2224"]
[BlackElo "2337"]
[PlyCount "236"]
[EventDate "2024.08.27"]
[EventType "swiss (blitz)"]
[EventRounds "11"]
[EventCountry "USA"]
[SourceTitle "EXT 2025"]
[Source "ChessBase"]
[SourceDate "2024.10.14"]
[SourceVersion "1"]
[SourceVersionDate "2024.10.14"]
[SourceQuality "1"]

1. e4 e6 2. d3 b6 3. g3 Bb7 4. Bg2 c5 5. Nf3 Nf6 6. 0-0 d5 7. Nbd2 Be7 8. Re1 dxe4 9. dxe4 0-0 10. e5 Nfd7 11. c3 Nc6 12. Qc2 Qc7 13. Ne4 Ncxe5 14. Nxe5 Nxe5 15. Bf4 f6 16. Ng5 fxg5 17. Bxe5 Qc8 18. Rad1 Bxg2 19. Kxg2 Qc6+ 20. Qe4 Qxe4+ 21. Rxe4 Rad8 22. Rde1 Rfe8 23. c4 Kf7 24. R1e2 Bf6 25. b3 h6 26. Kf3 Rd3+ 27. Kg4 Kg6 28. Bxf6 h5+ 29. Kh3 Kxf6 30. f4 g4+ 31. Kh4 g6 32. Re5 Rd6 33. R5e4 Re7 34. Re5 a6 35. Rg5 Rc7 36. Rge5 b5 37. Rg5 bxc4 38. bxc4 Rd4 39. Rge5 Rc6 40. R5e4 Rxe4 41. Rxe4 Rd6 42. Re2 Rd4 43. Rc2 Rd3 44. h3 gxh3 45. Kxh3 e5 46. fxe5+ Kxe5 47. Re2+ Kf5 48. Rf2+ Kg5 49. Re2 Kf6 50. Rf2+ Kg7 51. Re2 Rc3 52. Re7+ Kh6 53. Re6 a5 54. Ra6 Ra3 55. Rc6 Rxa2 56. Rxc5 Ra1 57. Rc6 a4 58. Ra6 a3 59. c5 a2 60. Kg2 Kg5 61. c6 Rc1 62. Rxa2 Rxc6 63. Kh3 Rc5 64. Ra4 Rd5 65. Rb4 Re5 66. Ra4 Kf5 67. Rf4+ Ke6 68. Ra4 g5 69. Ra6+ Kf5 70. Ra8 Re1 71. Rf8+ Kg6 72. Rg8+ Kf6 73. Rf8+ Kg7 74. Rf5 Kg6 75. Rf8 g4+ 76. Kg2 Re2+ 77. Kg1 Kg7 78. Rf5 Kh6 79. Rc5 Kg6 80. Rb5 Rd2 81. Rc5 Rd3 82. Kg2 Rf3 83. Rb5 Rf5 84. Rb6+ Kg5 85. Rb8 Rd5 86. Rg8+ Kf5 87. Rf8+ Ke4 88. Re8+ Kd3 89. Re6 Kd4 90. Re7 Re5 91. Rh7 Ke3 92. Ra7 Rd5 93. Ra3+ Rd3 94. Ra5 Rd2+ 95. Kg1 Kf3 96. Ra3+ Ke4 97. Ra5 Rd3 98. Kg2 Rd2+ 99. Kg1 Rd5 100. Ra3 Rd4 101. Kg2 Rd3 102. Ra4+ Ke3 103. Ra8 Rd2+ 104. Kg1 Ke2 105. Ra3 Rd3 106. Ra5 Kf3 107. Rxh5 Rd1+ 108. Kh2 Rd2+ 109. Kg1 Kxg3 110. Kf1 Rd1+ 111. Ke2 Ra1 112. Rf5 Kg2 113. Rg5 g3 114. Rg4 Kh2 115. Rh4+ Kg1 116. Rg4 g2 117. Rg6 Ra4 118. Rg4 Rxg4 0-1

[Event "Titled Tuesday intern op 20th Aug Early"]
[Site "Chess.com INT"]
[Date "2024.08.20"]
[Round "9"]
[White "Mazurkiewicz, Michal"]
[Black "Collins, Adam"]
[Result "1-0"]
[WhiteElo "2224"]
[BlackElo "2189"]
[PlyCount "41"]
[EventDate "2024.08.20"]
[EventType "swiss (blitz)"]
[EventRounds "11"]
[EventCountry "USA"]
[SourceTitle "EXT 2025"]
[Source "ChessBase"]
[SourceDate "2024.10.14"]
[SourceVersion "1"]
[SourceVersionDate "2024.10.14"]
[SourceQuality "1"]

1. e4 c6 2. d3 d5 3. Nd2 e5 4. Ngf3 Bd6 5. d4 exd4 6. exd5 cxd5 7. Nxd4 Nf6 8. Bb5+ Bd7 9. Qe2+ Be7 10. Nf5 Bxb5 11. Qxb5+ Qd7 12. Nxg7+ Kf8 13. Qxd7 Nbxd7 14. Nf5 Bc5 15. Nb3 h5 16. Nxc5 Nxc5 17. 0-0 Nce4 18. f3 Nc5 19. Bf4 Ke8 20. Rfe1+ Ne6 21. Be5 1-0

[Event "Titled Tuesday intern op 20th Aug Late"]
[Site "Chess.com INT"]
[Date "2024.08.20"]
[Round "8"]
[White "Mazurkiewicz, Michal"]
[Black "Gavrilin, Roman"]
[Result "0-1"]
[WhiteElo "2224"]
[BlackElo "2185"]
[PlyCount "82"]
[EventDate "2024.08.20"]
[EventType "swiss (blitz)"]
[EventRounds "11"]
[EventCountry "USA"]
[SourceTitle "EXT 2025"]
[Source "ChessBase"]
[SourceDate "2024.10.14"]
[SourceVersion "1"]
[SourceVersionDate "2024.10.14"]
[SourceQuality "1"]

1. e4 c5 2. Nf3 d6 3. g3 Nf6 4. d3 g6 5. Bg2 Bg7 6. 0-0 0-0 7. Re1 Nc6 8. c3 Rb8 9. a4 b6 10. h3 Bb7 11. d4 cxd4 12. cxd4 Nb4 13. Nc3 Nd7 14. Be3 e5 15. d5 Nc5 16. Bf1 h6 17. Qd2 Kh7 18. Nb5 a5 19. Ra3 Nxe4 20. Qd1 Bxd5 21. Nc3 Ba8 22. Bxh6 Nxc3 23. bxc3 Bxh6 24. cxb4 axb4 25. Rb3 Qf6 26. Bg2 Rfc8 27. Rxb4 e4 28. Nd4 Rc1 29. Qe2 Rxe1+ 30. Qxe1 Rc8 31. Nb5 Rc1 32. Rb1 Rxe1+ 33. Rxe1 e3 34. fxe3 Bxg2 35. Kxg2 Qb2+ 36. Kf3 Qa2 37. Rd1 Qxa4 38. Rd5 f5 39. Nxd6 Bf8 40. Ne8 Qe4+ 41. Ke2 Qxe8 0-1

[Event "Titled Tuesday intern op 20th Aug Early"]
[Site "Chess.com INT"]
[Date "2024.08.20"]
[Round "3"]
[White "Mazurkiewicz, Michal"]
[Black "Ivanov, Svetlen"]
[Result "1-0"]
[WhiteElo "2224"]
[BlackElo "1972"]
[PlyCount "69"]
[EventDate "2024.08.20"]
[EventType "swiss (blitz)"]
[EventRounds "11"]
[EventCountry "USA"]
[SourceTitle "EXT 2025"]
[Source "ChessBase"]
[SourceDate "2024.10.14"]
[SourceVersion "1"]
[SourceVersionDate "2024.10.14"]
[SourceQuality "1"]

1. e4 c5 2. Nf3 e6 3. d3 Nc6 4. g3 d6 5. Bg2 g6 6. 0-0 Bg7 7. c3 Nge7 8. d4 cxd4 9. cxd4 d5 10. e5 0-0 11. Nc3 a6 12. Bf4 b5 13. Re1 Bd7 14. h4 Qa5 15. Qd2 b4 16. Ne2 Rfc8 17. b3 Na7 18. Nc1 Bb5 19. h5 Rc3 20. Bh6 Rac8 21. Bxg7 Kxg7 22. h6+ Kf8 23. Ng5 Kg8 24. Qf4 Nf5 25. g4 Nxh6 26. Bxd5 Qc7 27. Bg2 Qe7 28. Ne4 Qh4 29. Nxc3 Rxc3 30. Ne2 Bxe2 31. Rxe2 Nxg4 32. Re3 Rxe3 33. fxe3 Nb5 34. d5 exd5 35. Bxd5 1-0

[Event "Titled Tuesday intern op 20th Aug Early"]
[Site "Chess.com INT"]
[Date "2024.08.20"]
[Round "4"]
[White "Mazurkiewicz, Michal"]
[Black "Kleiman, Jake"]
[Result "0-1"]
[WhiteElo "2224"]
[BlackElo "2399"]
[PlyCount "88"]
[EventDate "2024.08.20"]
[EventType "swiss (blitz)"]
[EventRounds "11"]
[EventCountry "USA"]
[SourceTitle "EXT 2025"]
[Source "ChessBase"]
[SourceDate "2024.10.14"]
[SourceVersion "1"]
[SourceVersionDate "2024.10.14"]
[SourceQuality "1"]

1. e4 c5 2. Nf3 Nc6 3. g3 Nf6 4. d3 e6 5. Bg2 d5 6. Nbd2 g6 7. 0-0 Bg7 8. Re1 0-0 9. Qe2 a5 10. h4 b6 11. Nf1 dxe4 12. dxe4 Ba6 13. c4 Ng4 14. Bg5 Qc7 15. Ne3 Nxe3 16. Bxe3 Rad8 17. Rad1 Rxd1 18. Rxd1 Rd8 19. b3 a4 20. Rxd8+ Qxd8 21. e5 Nb4 22. h5 Qd3 23. Qxd3 Nxd3 24. Bf4 axb3 25. axb3 Bb7 26. hxg6 hxg6 27. Ne1 Bxg2 28. Nxd3 Be4 29. Ne1 Kf8 30. Kf1 Bb1 31. Nf3 Bc2 32. Nd2 Ke8 33. Ke2 g5 34. Bxg5 Bxe5 35. Be3 Bc3 36. f3 Kd7 37. Ne4 Be5 38. Kd2 Bxe4 39. fxe4 Bxg3 40. Kd3 Kd6 41. Bh6 f5 42. Bg7 Bf4 43. Bh8 Bg5 44. e5+ Ke7 0-1

[Event "Titled Tuesday intern op 20th Aug Late"]
[Site "Chess.com INT"]
[Date "2024.08.20"]
[Round "4"]
[White "Mazurkiewicz, Michal"]
[Black "Mendez Tovar, Jessica Yissel"]
[Result "1-0"]
[WhiteElo "2224"]
[BlackElo "2005"]
[PlyCount "33"]
[EventDate "2024.08.20"]
[EventType "swiss (blitz)"]
[EventRounds "11"]
[EventCountry "USA"]
[SourceTitle "EXT 2025"]
[Source "ChessBase"]
[SourceDate "2024.10.14"]
[SourceVersion "1"]
[SourceVersionDate "2024.10.14"]
[SourceQuality "1"]

1. e4 e5 2. Nf3 Nc6 3. d3 Bc5 4. g3 Nge7 5. Bg2 0-0 6. 0-0 d5 7. exd5 Nxd5 8. Nc3 Nxc3 9. bxc3 Bg4 10. h3 Bh5 11. Qe1 f6 12. Qe4 Bg6 13. Qc4+ Kh8 14. Qxc5 Qd7 15. Nh4 Bf7 16. Rb1 Nd8 17. Qxf8+ 1-0

[Event "Titled Tuesday intern op 20th Aug Early"]
[Site "Chess.com INT"]
[Date "2024.08.20"]
[Round "5"]
[White "Swara, Lakshmi S Nair"]
[Black "Mazurkiewicz, Michal"]
[Result "0-1"]
[WhiteElo "2018"]
[BlackElo "2224"]
[PlyCount "104"]
[EventDate "2024.08.20"]
[EventType "swiss (blitz)"]
[EventRounds "11"]
[EventCountry "USA"]
[SourceTitle "EXT 2025"]
[Source "ChessBase"]
[SourceDate "2024.10.14"]
[SourceVersion "1"]
[SourceVersionDate "2024.10.14"]
[SourceQuality "1"]

1. e4 d6 2. d4 Nf6 3. Nc3 c6 4. f4 Qb6 5. Nf3 Bg4 6. Be2 e6 7. h3 Bxf3 8. Bxf3 d5 9. e5 Nfd7 10. Qd3 c5 11. Be3 Nc6 12. dxc5 Bxc5 13. Bxc5 Nxc5 14. Qd2 Qxb2 15. Rb1 Qa3 16. Nb5 Qxa2 17. 0-0 0-0 18. Nd6 Qa4 19. Rfd1 b6 20. c4 Nb3 21. Qc2 Nc5 22. Qe2 Ne7 23. f5 Rad8 24. f6 gxf6 25. exf6 Rxd6 26. fxe7 Re8 27. Qe5 Qd7 28. Qg5+ Kh8 29. Qf6+ Kg8 30. Rd4 e5 31. Rg4+ Qxg4 32. Qxd6 Qe6 33. Qxd5 Rxe7 34. Qa8+ Re8 35. Qe4 Nxe4 36. Bxe4 Qxc4 37. Bf5 Qf4 38. Rf1 Qxf1+ 39. Kxf1 e4 40. Ke2 b5 41. Ke3 b4 42. Kd4 b3 43. Bxe4 Rxe4+ 44. Kxe4 b2 45. Kd4 b1Q 46. Kd5 Qh1 47. Ke5 Qxg2 48. Kf6 Qxh3 49. Ke7 Qe6+ 50. Kd8 a5 51. Kc7 a4 52. Kd8 a3 0-1

[Event "Titled Tuesday intern op 20th Aug Late"]
[Site "Chess.com INT"]
[Date "2024.08.20"]
[Round "10"]
[White "Yunker, Alisa Genrietta"]
[Black "Mazurkiewicz, Michal"]
[Result "0-1"]
[WhiteElo "1873"]
[BlackElo "2224"]
[PlyCount "86"]
[EventDate "2024.08.20"]
[EventType "swiss (blitz)"]
[EventRounds "11"]
[EventCountry "USA"]
[SourceTitle "EXT 2025"]
[Source "ChessBase"]
[SourceDate "2024.10.14"]
[SourceVersion "1"]
[SourceVersionDate "2024.10.14"]
[SourceQuality "1"]

1. d4 Nf6 2. c4 e5 3. dxe5 Ng4 4. Nf3 Bc5 5. e3 Nc6 6. Nc3 0-0 7. Be2 Re8 8. 0-0 a5 9. b3 Ncxe5 10. Bb2 Ra6 11. Nd5 Nxf3+ 12. Bxf3 Nxh2 13. Re1 Nxf3+ 14. Qxf3 Rg6 15. Nf4 Rh6 16. Qg3 Bf8 17. Rad1 b6 18. Rd5 Qh4 19. Qxh4 Rxh4 20. g3 Rh6 21. Kg2 Rd6 22. Rxd6 Bxd6 23. Rd1 Bb7+ 24. Kg1 Bxf4 25. exf4 d6 26. Bd4 Re2 27. Ra1 f6 28. Be3 Kf7 29. Kf1 Bf3 30. Bd4 Kg6 31. Be3 Kf5 32. Kg1 h5 33. Kh2 Kg4 34. Kg1 Rxe3 35. fxe3 Kxg3 36. Rc1 h4 37. Rc2 h3 38. Rh2 Bg2 39. f5 Kf3 40. a3 Kxe3 41. b4 axb4 42. axb4 Kf4 43. Kf2 Kxf5 0-1

[Event "Titled Tuesday intern op 13th Aug Early"]
[Site "Chess.com INT"]
[Date "2024.08.13"]
[Round "6"]
[White "Asish, Panda"]
[Black "Mazurkiewicz, Michal"]
[Result "1-0"]
[WhiteElo "1903"]
[BlackElo "2224"]
[PlyCount "61"]
[EventDate "2024.08.13"]
[EventType "swiss (blitz)"]
[EventRounds "11"]
[EventCountry "USA"]
[SourceTitle "EXT 2025"]
[Source "ChessBase"]
[SourceDate "2024.10.14"]
[SourceVersion "1"]
[SourceVersionDate "2024.10.14"]
[SourceQuality "1"]

1. e4 d6 2. Nc3 Nf6 3. g3 c6 4. Bg2 b5 5. a3 e5 6. Nge2 Be7 7. 0-0 0-0 8. d3 Nbd7 9. f4 Bb7 10. h3 a5 11. f5 b4 12. Na4 d5 13. g4 dxe4 14. dxe4 c5 15. Ng3 Bc6 16. axb4 axb4 17. b3 Nb6 18. g5 Nfd7 19. Qg4 f6 20. g6 hxg6 21. fxg6 Re8 22. Qe6+ Kh8 23. Qxc6 Nb8 24. Qe6 Qd4+ 25. Kh2 Qxa1 26. Rf5 Qxc1 27. Rh5+ Qh6 28. Rxh6+ gxh6 29. Qf7 Nxa4 30. g7+ Kh7 31. g8Q# 1-0